LEADER 00905nas a2200217 i 4500 001 000000144219 003 CaOOAMICUS 005 20051121000000.0 008 051103b2003 it uu u0 0ita r 013 $a119577 040 $aSeMil$bita 245 10$aNonviolenza e politica :$bpensare la prassi verso nuove riflessioni teoriche. 260 $aMilano :$bCentro Sociale Ambrosiano,$c2003. 300 $a90 p. ;$c21 cm. 773 0 $tOrientamenti.$dMilano : Centro Sociale Ambrosiano, 1978-2006.$w()2569 774 0 $t[vedi periodico].$w()262884 850 $aSeMil 852 $aSeMil$W1$xVenegono$y1$m235 3 105$j97167$B97167$CSeMilBibl$Z2$F105960 $85 961 $aCambio: Scuola Cattolica 996 $6245$aNonviolenza e politica :$bpensare la prassi verso nuove riflessioni teoriche$9(OLS)http://semarc/title/210943 996 $6260$aMilano :$bCentro Sociale Ambrosiano$9(OLS)http://semarc/publisher/30800 LEADER 01357nam a2200289 i 4500 001 000000119738 003 CaOOAMICUS 005 20031104000000.0 008 031104s1986 it u000 u ita u 013 $a92432 020 $a88-215-1045-X 040 $aSeMil$bita 100 1 $aFerraro, Giuseppe,$c.$0(OLS)http://semarc/name/89726 245 10$aRavviva il dono :$bcatechesi liturgica sul sacerdozio ministeriale /$cGiuseppe Ferraro. 260 $aCinisello Balsamo :$bEdizioni Paoline,$ccopyr. 1986. 300 $a153 p. ;$c21 cm. 500 $aContiene : Bibliografia. - Fondo Card. C.M. Martini. 650 4$aSacerdozio - Ordinazione - Liturgia - Catechesi.$0(OLS)http://semarc/subject/22445 650 4$aVescovi - Ordinazione - Liturgia - Catechesi.$0(OLS)http://semarc/subject/22446 650 4$aDiaconi - Ordinazione - Liturgia - Catechesi.$0(OLS)http://semarc/subject/22447 850 $aSeMil 852 $aSeMil$W1$xVenegono$y1$m3K II 68$j74945$B74945$CSeMilBibl$Z2$F97830 $81 941 1 $a4 961 $aOmaggio: Martini Card. Carlo Maria 996 $6020$a88-215-1045-X$9(OLS)http://semarc/number/104727 996 $6245$aRavviva il dono :$bcatechesi liturgica sul sacerdozio ministeriale$9(OLS)http://semarc/title/176056 996 $6260$aCinisello Balsamo :$bEdizioni Paoline$9(OLS)http://semarc/publisher/36103